000 00876cam a2200265 i 4500
999 _c330795
_d330795
001 2722195
003 NUST
005 20170807123751.0
008 770329r19771884nyu 001 0 eng
010 _a 77070627
020 _a0405101287 :
_c$96.00
040 _aDLC
_cDLC
_dDLC
041 1 _aengpan
050 1 0 _aPK2667.E3
_bT4 1977
082 0 0 _a398.2095455
_bTEM
100 1 _aTemple, Richard Carnac,
_cSir,
_d1850-1931.
_93816
245 1 4 _aThe legends of the Panjâb /
_cRichard Carnac Temple.
260 _aNew York :
_bArno Press,
_c1977.
300 _a3 v. ;
_c21 cm.
440 0 _aInternational folklore
_93817
500 _aReprint of the 1884-1900 ed. published by Education Society's Press, Bombay.
500 _aIncludes indexes.
650 0 _aFolk poetry, Panjabi
_xTranslations into English.
_93818
650 0 _aFolk poetry, Panjabi.
_93819
906 _a7
_bcbc
_corignew
_d1
_eopcn
_f19
_gy-gencatlg
942 _2ddc
_cBK